Metodická príručka pre použivateľov Online rešerší v Slovenskej akadémii vied
Guardado en:
| Autor principal: | |
|---|---|
| Otros Autores: | |
| Formato: | Libro |
| Lenguaje: | eslovaco |
| Publicado: |
Bratislava
Slovenská akadémia vied
1984
|
| Etiquetas: |
Sin Etiquetas, Sea el primero en etiquetar este registro!
|
MARC
| LEADER | 00000nam a2200000 4500 | ||
|---|---|---|---|
| 001 | c116681 | ||
| 005 | 20221128070407.6 | ||
| 041 | 0 | |a slo | |
| 044 | |a SK | ||
| 245 | 1 | 0 | |a Metodická príručka pre použivateľov Online rešerší v Slovenskej akadémii vied |c Sylvia Kováčová, Zita Hírešová |
| 264 | 1 | |a Bratislava |b Slovenská akadémia vied |c 1984 | |
| 300 | |a 23 s. | ||
| 100 | 1 | |a Kováčová, Sylvia | |
| 700 | 1 | |a Hírešová, Zita | |